Historia general de América Latina

Guardat en:
Dades bibliogràfiques
Format: Llibre
Idioma:espanyol
Publicat: París Unesco 2003
Matèries:
Etiquetes: Afegir etiqueta
Sense etiquetes, Sigues el primer a etiquetar aquest registre!

MARC

LEADER 00000cam a2200000 a 4500
001 UCL2948
003 CL-VaPUC
008 031107e20030000FR |||||||||||||||||spa|d
020 |a 9233036537 
020 |a 9233031543v.5 
020 |a 9789233031579v.8 
020 |a 9233031586v.9 
082 0 4 |a 980  |b HIS  |2 21 
245 1 0 |a Historia general de América Latina 
300 |a v 
942 |c BK 
945 |d 20031107 00:00:00  |a cmena 
260 |a París  |b Unesco  |c 2003 
500 |a v.5: La crisis estructural de las sociedades implantadas 
500 |a v.8: América Latina desde 1930 
500 |a v.9: Teoría y metodología en la historia de América Latina 
650 0 |a Historia de América  |9 266076 
651 0 |a América  |9 255182 
583 |a last modification  |c 20171016 01:45:07  |k Rodrigo Vera 
999 |c 306111  |d 306109 
952 |0 0  |1 0  |4 0  |6 980_000000000000000_HIS_2003  |7 0  |8 X  |9 370857  |a BIBHIS  |b BIBHIS  |d 2019-11-21  |h v.5  |i 3961753  |l 5  |o 980 HIS 2003  |p 3961753  |r 2024-01-30  |s 2023-11-03  |w 2019-11-21  |y BK_X  |k HIS 
952 |0 0  |1 0  |4 0  |6 980_000000000000000_HIS_2003  |7 0  |8 X  |9 370858  |a BIBHIS  |b BIBHIS  |d 2019-11-21  |h v.6  |i 4006623  |l 1  |m 12  |o 980 HIS 2003  |p 4006623  |q 2025-07-11  |r 2023-01-25  |s 2021-12-27  |w 2019-11-21  |y BK_X  |k HIS 
952 |0 0  |1 0  |4 0  |6 980_000000000000000_HIS_2003  |7 0  |8 X  |9 370859  |a BIBHIS  |b BIBHIS  |d 2019-11-21  |h v.9  |i 4333985  |o 980 HIS 2003  |p 4333985  |r 2024-01-30  |w 2019-11-21  |y BK_X  |k HIS 
952 |0 0  |1 0  |4 0  |6 980_000000000000000_HIS_2003  |7 0  |8 X  |9 370860  |a BIBHIS  |b BIBHIS  |d 2019-11-21  |h v.8  |i 4696077  |o 980 HIS 2003  |p 4696077  |r 2024-01-30  |w 2019-11-21  |y BK_X  |k HIS 
952 |0 0  |1 0  |4 0  |6 980_000000000000000_HIS_2003  |7 0  |8 X  |9 370861  |a BIBHIS  |b BIBHIS  |d 2019-11-21  |h v.9  |i 4696069  |o 980 HIS 2003  |p 4696069  |r 2024-01-30  |w 2019-11-21  |y BK_X  |k HIS 
952 |0 0  |1 0  |4 0  |6 980_000000000000000_HIS_2003  |7 0  |8 X  |9 370862  |a FDOBUD  |b FDOBUD  |d 2019-11-21  |h v.4  |i 473727K  |o 980 HIS 2003  |p 473727K  |r 2019-11-21  |w 2019-11-21  |y BK_X  |k BUD 
952 |0 0  |1 0  |4 0  |6 980_000000000000000_HIS_2003  |7 0  |8 X  |9 370863  |a FDOBUD  |b FDOBUD  |d 2019-11-21  |h v.5  |i 4737288  |o 980 HIS 2003  |p 4737288  |r 2019-11-21  |w 2019-11-21  |y BK_X  |k BUD 
952 |0 0  |1 0  |4 0  |6 980_000000000000000_HIS_2003  |7 0  |8 X  |9 370864  |a FDOBUD  |b FDOBUD  |d 2019-11-21  |h v.6  |i 4737296  |o 980 HIS 2003  |p 4737296  |r 2019-11-21  |w 2019-11-21  |y BK_X  |k BUD 
952 |0 0  |1 0  |3 erd  |4 0  |6 980_000000000000000_HIS_2003  |7 0  |8 A  |9 370865  |a FDOPOS  |b FDOPOS  |h v.5  |i 5429846  |o 980 HIS 2003  |p 5429846  |r 2025-01-22  |w 2019-11-21  |y BK  |z Catalogado en:20171020  |k DLH